Capitalism, socialism and democracy

Bibliographic Details
Main Author: Schumpeter, Joseph A.
Format: Book
Published: London : Unwin University Books , 1943
Subjects:

MARC

LEADER 00000cam a2200000 7i4500
001 0000008213
005 20161121.0
020 |a 0043350224 
040 |a INS 
090 0 0 |a HX86.S3 1943 
100 0 |a Schumpeter, Joseph A. 
245 0 0 |a Capitalism, socialism and democracy   |c Joseph A. Schumpeter 
260 |a London :   |b Unwin University Books ,   |c 1943 
300 |a 432p. ;   |c 22 cm. 
650 0 0 |a Capitalism 
650 0 0 |a Democracy 
650 0 0 |a Socialism 
999 |a 0000022455   |b BOOK   |c Open Shelf   |e Default branch